A new contract to reflect the changing industry (Record no. 71851)

MARC details
000 -LEADER
fixed length control field 01235cam a2200229 4500
001 - CONTROL NUMBER
control field ABS66201
008 - FIXED-LENGTH DATA ELEMENTS--GENERAL INFORMATION
fixed length control field 021223n2002 000 0 eng u
035 ## - SYSTEM CONTROL NUMBER
System control number (Sirsi) u120881
100 ## - MAIN ENTRY--PERSONAL NAME
Personal name Cottam, G
245 #2 - TITLE STATEMENT
Title A new contract to reflect the changing industry
260 ## - PUBLICATION, DISTRIBUTION, ETC.
Date of publication, distribution, etc. 2002
490 ## - SERIES STATEMENT
Series statement Construction News
Volume/sequential designation (6787) 10 October 2002, 41(1)
520 ## - SUMMARY, ETC.
Summary, etc. Discusses the new term contract, "ICE Conditions of contract term version", which has been launched by the ICE to complement partnering or framework arrangements. Claims that because it is based on previous contracts it has the advantage of familiarity. It emphasises that all work under the new contract requires a Works order, which defines the work to be done, its price, its programmed time and any matters that the engineer considers important. It excludes retentions on the basis that the client has adequate security without them, but confirms that liquidated damages are applicable to works orders.
590 ## - LOCAL NOTE (RLIN)
Local note ABS
650 ## - SUBJECT ADDED ENTRY--TOPICAL TERM
Topical term or geographic name entry element ICE CONDITIONS OF CONTRACT TERM VERSION
650 ## - SUBJECT ADDED ENTRY--TOPICAL TERM
Topical term or geographic name entry element RETENTIONS
650 ## - SUBJECT ADDED ENTRY--TOPICAL TERM
Topical term or geographic name entry element LIQUIDATED DAMAGES
650 ## - SUBJECT ADDED ENTRY--TOPICAL TERM
Topical term or geographic name entry element TERM CONTRACTING
650 ## - SUBJECT ADDED ENTRY--TOPICAL TERM
Topical term or geographic name entry element PARTNERING
690 ## - LOCAL SUBJECT ADDED ENTRY--TOPICAL TERM (OCLC, RLIN)
Topical term or geographic name as entry element BUILT ENVIRONMENT-BUILDING CONTRACT FORMS
942 ## - ADDED ENTRY ELEMENTS (KOHA)
Suppress in OPAC 0
Holdings
Withdrawn status Lost status Source of classification or shelving scheme Damaged status Not for loan Home library Current library Shelving location Date acquired Total Checkouts Full call number Barcode Date last seen Copy number Price effective from Koha item type
    Dewey Decimal Classification     London London Journal article 23/12/2002   ABS66201 120881-1001 06/08/2019 1 06/08/2019 Journal article